000 02340 a2200217 4500
001 53344
005 20260407155807.0
008 260407a1955 arg spa d
003 AR-UNSa-BCEJYS
040 _aAR-UNSa-BCEJYS
_bspa
_cAR-UNSa-BCEJYS
080 _a94:33
_xHistoria económica
245 1 0 _aHistoria de la economía del mundo occidental
_phasta principios de la segunda guerra mundial
264 1 _aMéxico :
_bUnión Tipográfica Editorial Hispano-Americana (UTEHA)
_c1955
300 _axvi, 910 p.
_c22 cm.
505 _aPrimera parte: Fundamentos de la vida económica europea - I. Orígenes de la vida económica - II. Progreso económico del próximo oriente en la antiguedad - III. La vida económica de la cuenca mediterránea en los tiempos clásicos - Segunda parte: Vida económica medieval - IV. Fundamentos de la vida económica en la edad media - V. El sistema manorial y la sociedad agraria - VI. Las ciudades,el comercio y la industria en la edad media - Tercera parte: Expansión de Europa y aparición del orden económico moderno en el mundo antiguo y en el nuevo -VII. Expansión de Europa y orígenes de la sociedad moderna - VIII. La revolución comercial y los comienzos de la industria y la agricultura modernas - IX. Capitalismo y politíca comercial en la primera época de la edad moderna - Cuarta parte: La revolución industrial y el comienzo de la edad de las máquinas - X. El nuevo imperio de las máquinas y el comienzo del sistema fabril - XI. La revolución en la fuerza motriz,el transporte y las comunicaciones - XII. Ampliación de la revolución industrial a la Europa continental - XIII. Industrialización de Asia,Australasia y África - XIV. La revolución industrial llega al nuevo mundo - XV. Defensa y crítica del primer capitalismo industrial - Quinta parte: La vida económica contemporánea:Las crisis en el sistema capitalista - XVI. Segunda revolución industrial - XVII. Capitalismo financiero - XVIII. Programas contemporáneos de reforma social y económica - XIX. El imperialismo económico,la primera guerra mundial y sus consecuencias - XX. El mundo de la postguerra: Crisis del capitalismo y aparición del comunismo en Rusia
041 _aspa
942 _cBK
590 _aniveau_biblio:m niveau_hierar:0
100 1 _aBarnes, Harry Elmer
700 1 _aMuñoz, Orencio
999 _c5200
_d5200